00325nam a2200097Ia 4500008004100000082002000041100001200061245002200073260002800095650010400123211119s9999||||xx |||||||||||||| ||und|| a894.8123bSET-S aSethu,  0aSamboornakathakal bPoornaa2007cKozhikode aMalayalam LiteraturevMalayalam FictionMalayalam NovelsShort StoriesEconomicsxPGR-GANDHIAN STUDIES